| 000 | 00637nam a2200169 4500 | ||
|---|---|---|---|
| 999 |
_c15946 _d15946 |
||
| 008 | 210120b ||||| |||| 00| 0 eng d | ||
| 022 | _a0732-8435 | ||
| 082 | _aDPer 657.05 C33 Sept - Mar 2015, v. 85 - 86 | ||
| 100 |
_aRosenthal, Corey. _942781 |
||
| 245 |
_aThe New York State bulk sale notification requirement/ _cCorey Rosenthal, Fred Komarow and Patrick Duffany. |
||
| 260 |
_aNew York: _bThe New York State Society of CPA, _c©2015. |
||
| 300 |
_av86 n3, pages 56-57: _billustrations; _c28 cm. |
||
| 650 |
_aTaxation. _942782 |
||
| 700 |
_aKomarow, F. _eAuthor. _942783 |
||
| 700 |
_aDuffany, P. _eAuthor. _942784 |
||
| 942 |
_2ddc _cPER |
||